<?xml version="1.0" encoding="UTF-8"?>
<collection xmlns="http://www.loc.gov/MARC21/slim">
<record>
  <controlfield tag="001">117325</controlfield>
  <controlfield tag="005">20220705155210.0</controlfield>
  <datafield tag="024" ind1="7" ind2=" ">
    <subfield code="2">doi</subfield>
    <subfield code="a">10.24137/raeic.9.17.3</subfield>
  </datafield>
  <datafield tag="024" ind1="8" ind2=" ">
    <subfield code="2">sideral</subfield>
    <subfield code="a">128616</subfield>
  </datafield>
  <datafield tag="037" ind1=" " ind2=" ">
    <subfield code="a">ART-2022-128616</subfield>
  </datafield>
  <datafield tag="041" ind1=" " ind2=" ">
    <subfield code="a">spa</subfield>
  </datafield>
  <datafield tag="100" ind1=" " ind2=" ">
    <subfield code="a">Gascón Vera, Patricia</subfield>
    <subfield code="u">Universidad de Zaragoza</subfield>
    <subfield code="0">(orcid)0000-0002-8516-3225</subfield>
  </datafield>
  <datafield tag="245" ind1=" " ind2=" ">
    <subfield code="a">La imitación en televisión. Caracterizaciones de líderes políticos en El intermedio, El hormiguero y Late motiv</subfield>
  </datafield>
  <datafield tag="260" ind1=" " ind2=" ">
    <subfield code="c">2022</subfield>
  </datafield>
  <datafield tag="520" ind1="3" ind2=" ">
    <subfield code="a">El humor ha sido un componente inequívoco de la televisión y la política uno de sus resortes. En los últimos años, los humoristas Joaquín Reyes (El intermedio), Carlos Latre (El hormiguero) y Raúl Pérez (Late motiv) han imitado a políticos con motivo de las campañas electorales celebradas a nivel nacional y autonómico (2019 -2021). Desde un análisis de contenido de corte cualitativo, basado en categorías sobre humor e información periodística, se han conocido sus particularidades y el uso de la actualidad desde la parodia. Refrendado, además, con entrevistas en profundidad a dichos profesionales donde se ha constatado la importancia de una caracterización fiel, a través de un estilo propio desde el que tratan la información como segundo plano, pero sin dejar de lado aspectos informativos que conocen los humoristas y que plasma el equipo en el guion. Por su parte, los políticos son recurrentes en su abanico de personajes, pero no emplean un tratamiento específico. Los tics, la voz y la gestualidad se unen a la burla y las interpretaciones que forman parte del bagaje que cada humorista usa para llegar, desde este recurso humorístico recurrente en la historia televisiva, a una audiencia con un alto interés en la comunicación electoral.</subfield>
  </datafield>
  <datafield tag="506" ind1="0" ind2=" ">
    <subfield code="a">Access copy available to the general public</subfield>
    <subfield code="f">Unrestricted</subfield>
  </datafield>
  <datafield tag="536" ind1=" " ind2=" ">
    <subfield code="9">info:eu-repo/grantAgreement/ES/DGA/S29-20R</subfield>
  </datafield>
  <datafield tag="540" ind1=" " ind2=" ">
    <subfield code="9">info:eu-repo/semantics/openAccess</subfield>
    <subfield code="a">by-sa</subfield>
    <subfield code="u">http://creativecommons.org/licenses/by-sa/3.0/es/</subfield>
  </datafield>
  <datafield tag="655" ind1=" " ind2="4">
    <subfield code="a">info:eu-repo/semantics/article</subfield>
    <subfield code="v">info:eu-repo/semantics/publishedVersion</subfield>
  </datafield>
  <datafield tag="710" ind1="2" ind2=" ">
    <subfield code="1">5013</subfield>
    <subfield code="2">675</subfield>
    <subfield code="a">Universidad de Zaragoza</subfield>
    <subfield code="b">Unidad Predepartam. Period.Co.</subfield>
    <subfield code="c">Área Periodismo</subfield>
  </datafield>
  <datafield tag="773" ind1=" " ind2=" ">
    <subfield code="g">9, 17 (2022), 51-77</subfield>
    <subfield code="p">Rev. Asoc. Esp. Investig. Comun.</subfield>
    <subfield code="t">Revista de la Asociación Española de Investigadores de la Comunicación</subfield>
    <subfield code="x">2341-2690</subfield>
  </datafield>
  <datafield tag="856" ind1="4" ind2=" ">
    <subfield code="s">4583921</subfield>
    <subfield code="u">http://zaguan.unizar.es/record/117325/files/texto_completo.pdf</subfield>
    <subfield code="y">Versión publicada</subfield>
  </datafield>
  <datafield tag="856" ind1="4" ind2=" ">
    <subfield code="s">1209645</subfield>
    <subfield code="u">http://zaguan.unizar.es/record/117325/files/texto_completo.jpg?subformat=icon</subfield>
    <subfield code="x">icon</subfield>
    <subfield code="y">Versión publicada</subfield>
  </datafield>
  <datafield tag="909" ind1="C" ind2="O">
    <subfield code="o">oai:zaguan.unizar.es:117325</subfield>
    <subfield code="p">articulos</subfield>
    <subfield code="p">driver</subfield>
  </datafield>
  <datafield tag="951" ind1=" " ind2=" ">
    <subfield code="a">2022-07-05-13:56:13</subfield>
  </datafield>
  <datafield tag="980" ind1=" " ind2=" ">
    <subfield code="a">ARTICLE</subfield>
  </datafield>
</record>
</collection>